[Event "la-Grande 2014"]
[Site "Cappelle-la-Grande (FRA)"]
[Date "????.??.??"]
[Round "1.54"]
[White "Chabanon, Jean-Luc"]
[Black "Mouhamad, Joachin"]
[Result "1/2-1/2"]
[WhiteElo "2479"]
[BlackElo "2226"]
[PlyCount "93"]
[EventDate "2014.03.01"]
[EventType "team-tourn"]
[EventCountry "FRA"]

1. d4 Nf6 2. Nf3 g6 3. c4 Bg7 4. Nc3 d5 5. cxd5 Nxd5 6. e4 Nxc3 7. bxc3 c5 8.
Be3 Qa5 9. Qd2 O-O 10. Rc1 Nc6 11. d5 Ne5 12. Nxe5 Bxe5 13. f4 Bg7 14. c4 Qc7
15. Be2 e5 16. O-O f5 17. Rcd1 Qd6 18. Bf3 fxe4 19. Bxe4 Bg4 20. Rde1 Rae8 21.
h3 Bd7 22. fxe5 Rxf1+ 23. Kxf1 Bxe5 24. Bf3 b6 25. Bf2 Rf8 26. Qe2 Bc3 27. Qe7
Qxe7 28. Rxe7 Rf7 29. Rxf7 Kxf7 30. Bg4 Ba4 31. Ke2 Be5 32. Kd3 Kf6 33. Bh4+ g5
34. Bf2 Be8 35. Bf3 Bd7 36. Be4 h5 37. h4 Bf4 38. hxg5+ Kxg5 39. Bh7 Bd6 40.
Ke4 a6 41. Kd3 h4 42. Be4 b5 43. Be3+ Kf6 44. Bf2 Kg5 45. Be3+ Kf6 46. Bf2 Kg5
47. Be3+ 1/2-1/2

[Event "la-Grande 2014"]
[Site "Cappelle-la-Grande (FRA)"]
[Date "????.??.??"]
[Round "1.55"]
[White "Fayard, Alain"]
[Black "Naumkin, Igor"]
[Result "0-1"]
[WhiteElo "2225"]
[BlackElo "2477"]
[PlyCount "78"]
[EventDate "2014.03.01"]
[EventType "team-tourn"]
[EventCountry "FRA"]

1. d4 e6 2. c4 f5 3. Nf3 Nf6 4. Nc3 Bb4 5. Qb3 a5 6. g3 b6 7. Bg2 Bb7 8. O-O
O-O 9. Bf4 Bxc3 10. bxc3 a4 11. Qb2 a3 12. Qc1 Nc6 13. Rb1 Na5 14. Nd2 Bxg2 15.
Kxg2 h6 16. f3 d6 17. Be3 c5 18. Bf2 e5 19. Qc2 Nd7 20. Qd3 Kh8 21. Rfd1 Qe7
22. dxc5 bxc5 23. Nf1 Ra6 24. Ne3 Qf7 25. Bg1 e4 26. Qd5 exf3+ 27. exf3 Ne5 28.
f4 Nexc4 29. Nxc4 Qxd5+ 30. Rxd5 Nxc4 31. Kf3 Ra7 32. Rb3 Re7 33. Bf2 g5 34. h3
Kg7 35. Rb1 Kg6 36. Rdd1 Rfe8 37. g4 Rf7 38. fxg5 fxg4+ 39. Kg3 Rf3+ 0-1

[Event "la-Grande 2014"]
[Site "Cappelle-la-Grande (FRA)"]
[Date "????.??.??"]
[Round "1.56"]
[White "Bailet, Pierre"]
[Black "Bomans, Arno"]
[Result "1-0"]
[WhiteElo "2477"]
[BlackElo "2225"]
[PlyCount "171"]
[EventDate "2014.03.01"]
[EventType "team-tourn"]
[EventCountry "FRA"]

1. Nf3 Nf6 2. c4 e6 3. g3 b6 4. Bg2 Bb7 5. O-O c5 6. Nc3 d6 7. d4 cxd4 8. Qxd4
a6 9. Rd1 Be7 10. b3 Nbd7 11. Ba3 Nc5 12. Ng5 Bxg2 13. Kxg2 O-O 14. Nge4 Qc7
15. Rac1 Qb7 16. Bxc5 bxc5 17. Qe3 Nxe4 18. Qxe4 Qxe4+ 19. Nxe4 Rfd8 20. g4
Rac8 21. Rc2 g6 22. Rcd2 Rc6 23. g5 Kg7 24. f4 Rd7 25. Kf3 Rd8 26. h4 h5 27.
Nc3 f5 28. gxf6+ Bxf6 29. Ne4 Be7 30. Kg3 Kf7 31. Rd3 Rd7 32. Ng5+ Bxg5 33.
fxg5 Kg7 34. e4 e5 35. Rd5 Rf7 36. Rxd6 Rxd6 37. Rxd6 Rf4 38. Rd7+ Kf8 39. Rd5
Rxe4 40. Rxc5 Re3+ 41. Kf2 Re4 42. Rc6 a5 43. Rxg6 Rxh4 44. Ke3 Rg4 45. c5 Ke7
46. Rg7+ Kd8 47. Rh7 h4 48. g6 h3 49. g7 h2 50. Rxh2 Rxg7 51. Ke4 Kc7 52. Kd5
e4 53. Rh4 Rd7+ 54. Kc4 Re7 55. Rh2 e3 56. Kd3 Kc6 57. Rc2 Re8 58. a3 Re7 59.
Ke2 Re4 60. Rc3 Re5 61. Rc4 Re8 62. Rc1 Re7 63. Rc4 Re8 64. Ra4 Kb5 65. c6 Kb6
66. c7 Kxc7 67. Rxa5 Kb6 68. b4 Re7 69. Rc5 Ra7 70. Rc3 Kb5 71. Kxe3 Rh7 72.
Rc5+ Kb6 73. Kd4 Ra7 74. Rc3 Kb5 75. Re3 Rd7+ 76. Kc3 Ka4 77. Re5 Ra7 78. Kc4
Ra8 79. Rc5 Ra7 80. Rc6 Ra8 81. b5 Ka5 82. Kc5 Ra7 83. Rc8 Ka4 84. b6 Ra5+ 85.
Kc6 Ra6 86. Rc7 1-0

[Event "la-Grande 2014"]
[Site "Cappelle-la-Grande (FRA)"]
[Date "????.??.??"]
[Round "1.57"]
[White "Jarmula, Lukasz"]
[Black "Milchev, Nikolay"]
[Result "1-0"]
[WhiteElo "2225"]
[BlackElo "2469"]
[PlyCount "141"]
[EventDate "2014.03.01"]
[EventType "team-tourn"]
[EventCountry "FRA"]

1. e4 Nf6 2. e5 Nd5 3. d4 d6 4. Nf3 dxe5 5. Nxe5 c6 6. Be2 Nd7 7. Nf3 g6 8. c4
Nc7 9. Nc3 Bg7 10. O-O O-O 11. h3 e5 12. d5 cxd5 13. cxd5 Nb6 14. d6 Ne6 15.
Be3 Bd7 16. Qd2 Bc6 17. Rfd1 Bxf3 18. Bxf3 Nc4 19. Qe2 Nxe3 20. fxe3 Rb8 21.
Rac1 Kh8 22. Nb5 Qb6 23. Kh1 Rbd8 24. d7 a6 25. Nc3 Nc5 26. Nd5 Qa7 27. Qc4
Nxd7 28. Qc7 e4 29. Bxe4 Be5 30. Qc2 Kg7 31. Rf1 Qb8 32. Qf2 Qd6 33. Nf4 Nc5
34. Bb1 b6 35. b4 Na4 36. Bc2 Nc3 37. Bb3 Ne4 38. Qh4 Bxf4 39. exf4 Qf6 40.
Qxf6+ Kxf6 41. Rfe1 Rde8 42. Rc7 Nd6 43. Rxe8 Rxe8 44. Rd7 Kf5 45. Rxd6 Kxf4
46. Rf6+ Kg3 47. Rf3+ Kh4 48. Rxf7 Re4 49. a3 Re3 50. Rf3 Rxf3 51. gxf3 Kxh3
52. a4 a5 53. bxa5 bxa5 54. Bc2 Kg3 55. Be4 Kh3 56. Kg1 Kg3 57. Kf1 Kh2 58. Kf2
Kh3 59. Bd3 Kh4 60. Kg2 Kg5 61. Kg3 Kf6 62. f4 Kg7 63. Kg4 Kf6 64. Bc2 h6 65.
Bd3 Kf7 66. f5 g5 67. Kh5 Kg7 68. Be4 Kf6 69. Kxh6 g4 70. Kh5 g3 71. Kg4 1-0

[Event "la-Grande 2014"]
[Site "Cappelle-la-Grande (FRA)"]
[Date "????.??.??"]
[Round "1.58"]
[White "Gao, Rui"]
[Black "Le Goff, Damien"]
[Result "1-0"]
[WhiteElo "2468"]
[BlackElo "2224"]
[PlyCount "75"]
[EventDate "2014.03.01"]
[EventType "team-tourn"]
[EventCountry "FRA"]

1. e4 e6 2. d4 d5 3. Nc3 Bb4 4. e5 c5 5. a3 Bxc3+ 6. bxc3 Ne7 7. Qg4 Qc7 8.
Qxg7 Rg8 9. Qxh7 cxd4 10. Ne2 Nbc6 11. f4 dxc3 12. Qd3 d4 13. Ng3 Bd7 14. Ne4
O-O-O 15. Nd6+ Kb8 16. Rb1 Bc8 17. Nxf7 Rdf8 18. Nd6 Ng6 19. Qe4 Rf5 20. Ba6 d3
21. Be3 Nxf4 22. Bxf4 dxc2 23. Rc1 bxa6 24. Nxf5 exf5 25. Qe3 Ka8 26. Rxc2 Bb7
27. Qxc3 Qg7 28. Rb2 Ne7 29. Qc7 Be4 30. Be3 Nc6 31. Qxg7 Rxg7 32. O-O Nxe5 33.
Bd4 Re7 34. Bxe5 Rxe5 35. Rc1 Rb5 36. Rxb5 axb5 37. h4 Kb7 38. h5 1-0

[Event "la-Grande 2014"]
[Site "Cappelle-la-Grande (FRA)"]
[Date "????.??.??"]
[Round "1.59"]
[White "Rubery, Mark"]
[Black "Georgescu, Tiberiu-Marian"]
[Result "1-0"]
[WhiteElo "2224"]
[BlackElo "2468"]
[PlyCount "128"]
[EventDate "2014.03.01"]
[EventType "team-tourn"]
[EventCountry "FRA"]

1. e4 d6 2. d4 Nf6 3. Nc3 e5 4. Nge2 Nbd7 5. h3 g6 6. g3 Bg7 7. Bg2 O-O 8. O-O
c6 9. a4 Re8 10. a5 Qc7 11. Be3 Nf8 12. Qd2 Bd7 13. f4 exd4 14. Nxd4 Rad8 15.
Qf2 Qc8 16. f5 c5 17. Nde2 Bc6 18. fxg6 hxg6 19. g4 Qe6 20. Nf4 Qd7 21. Rad1
Nxe4 22. Nxe4 Bxe4 23. Bxc5 Bxg2 24. Nxg2 Re6 25. Bd4 Rde8 26. Bxg7 Kxg7 27.
Qd4+ Kg8 28. Nf4 Re4 29. Qxd6 Qc8 30. Nd5 Nh7 31. Nc3 Re3 32. Rd3 Rxd3 33. Qxd3
Qc5+ 34. Kg2 Re3 35. Ne4 Rxd3 36. Nxc5 Rd5 37. b4 b6 38. axb6 axb6 39. Nd3 Ng5
40. Re1 Ne6 41. Re4 Kg7 42. h4 Rd6 43. Kf2 Rc6 44. c4 Rd6 45. Ke3 f5 46. gxf5
gxf5 47. Re5 Kf6 48. Rd5 Rc6 49. c5 bxc5 50. bxc5 Ra6 51. Rd6 Ra4 52. h5 Re4+
53. Kd2 Rd4 54. Rxd4 Nxd4 55. Kc3 Ne6 56. c6 Kg5 57. Kc4 Nc7 58. Nf4 Ne8 59.
Kc5 Kf6 60. Kb6 Ke7 61. c7 Nd6 62. Kc6 Nc8 63. h6 Kf7 64. Kd7 Na7 1-0

[Event "la-Grande 2014"]
[Site "Cappelle-la-Grande (FRA)"]
[Date "????.??.??"]
[Round "1.60"]
[White "Vishnu Prasanna. V"]
[Black "Noiroux, Kevin"]
[Result "1-0"]
[WhiteElo "2462"]
[BlackElo "2222"]
[PlyCount "81"]
[EventDate "2014.03.01"]
[EventType "team-tourn"]
[EventCountry "FRA"]

1. c4 e6 2. Nf3 Nf6 3. g3 a6 4. Bg2 b5 5. b3 Bb7 6. Nc3 b4 7. Na4 c5 8. O-O d6
9. d4 cxd4 10. Nxd4 Bxg2 11. Kxg2 Qc7 12. Qd3 Nbd7 13. f4 Be7 14. Qf3 Rc8 15.
Bd2 Nc5 16. Nb2 Qb6 17. Be3 O-O 18. g4 Nfe4 19. Nd3 Bf6 20. Nxc5 dxc5 21. Qxe4
Bxd4 22. Bxd4 cxd4 23. Rad1 Rcd8 24. h3 Rfe8 25. Rf3 Qc5 26. Qe5 Qb6 27. g5 Rf8
28. Qe4 f6 29. gxf6 Rxf6 30. Rfd3 Rdf8 31. Rxd4 Rxf4 32. Qxf4 Rxf4 33. Rxf4 h6
34. Rf3 Qa5 35. Rd7 Qxa2 36. Kf2 a5 37. Rff7 Qxb3 38. Rxg7+ Kf8 39. Rdf7+ Ke8
40. Rb7 Kf8 41. Rgc7 1-0

[Event "la-Grande 2014"]
[Site "Cappelle-la-Grande (FRA)"]
[Date "????.??.??"]
[Round "1.61"]
[White "Andrenko, Irina"]
[Black "Drasko, Milan"]
[Result "1/2-1/2"]
[WhiteElo "2219"]
[BlackElo "2460"]
[PlyCount "40"]
[EventDate "2014.03.01"]
[EventType "team-tourn"]
[EventCountry "FRA"]

1. e4 e6 2. d4 d5 3. Nc3 Bb4 4. e5 c5 5. Bd2 Ne7 6. Nce2 Bxd2+ 7. Qxd2 Nbc6 8.
f4 Qb6 9. O-O-O cxd4 10. Nxd4 Nxd4 11. Qxd4 Qxd4 12. Rxd4 Bd7 13. Nf3 Rc8 14.
g4 h5 15. g5 a5 16. Rd2 b5 17. Nd4 b4 18. h4 O-O 19. Be2 g6 20. Rh3 Rb8 1/2-1/2

[Event "la-Grande 2014"]
[Site "Cappelle-la-Grande (FRA)"]
[Date "????.??.??"]
[Round "1.62"]
[White "Barbosa, Evandro Amorim"]
[Black "Raghavi, N."]
[Result "1-0"]
[WhiteElo "2459"]
[BlackElo "2213"]
[PlyCount "63"]
[EventDate "2014.03.01"]
[EventType "team-tourn"]
[EventCountry "FRA"]

1. e4 e5 2. Nf3 Nc6 3. Bb5 a6 4. Ba4 Nf6 5. O-O Be7 6. Re1 b5 7. Bb3 O-O 8. a4
b4 9. d4 d6 10. dxe5 dxe5 11. Bg5 Nd7 12. Be3 Bb7 13. a5 Bc5 14. Qe2 Bxe3 15.
Qxe3 Qe7 16. Nbd2 Nc5 17. Bd5 Na7 18. c3 c6 19. Bc4 Nd7 20. cxb4 Qxb4 21. Red1
Nb5 22. Nb3 Rad8 23. Rac1 c5 24. Ne1 Ba8 25. Nd3 Qa4 26. Ndxc5 Nxc5 27. Rxd8
Rxd8 28. Qxc5 Nd4 29. Qe7 Nc6 30. Qxf7+ Kh8 31. Nc5 Rd1+ 32. Bf1 1-0

[Event "la-Grande 2014"]
[Site "Cappelle-la-Grande (FRA)"]
[Date "????.??.??"]
[Round "1.63"]
[White "Lyell, Mark"]
[Black "Dumitrache, Dragos-Nicolae"]
[Result "1/2-1/2"]
[WhiteElo "2205"]
[BlackElo "2453"]
[PlyCount "101"]
[EventDate "2014.03.01"]
[EventType "team-tourn"]
[EventCountry "FRA"]

1. e4 d6 2. Nc3 Nf6 3. f4 c5 4. Nf3 g6 5. Bc4 Bg7 6. d3 Nc6 7. O-O Bg4 8. h3
Bxf3 9. Qxf3 Nd4 10. Qf2 O-O 11. Be3 Nd7 12. a4 e6 13. a5 Rb8 14. Ra2 a6 15.
Qd2 Nf6 16. Na4 d5 17. exd5 exd5 18. Bxd4 cxd4 19. Bb3 Re8 20. Nb6 Qd6 21. Ra4
Qc5 22. Qb4 Qxb4 23. Rxb4 Bf8 24. Ra4 Rbd8 25. f5 g5 26. Kf2 Re5 27. Raa1 Bc5
28. Kg1 Kf8 29. Rae1 Rde8 30. Rxe5 Rxe5 31. g4 Ke7 32. Kg2 Kd6 33. Ra1 h5 34.
gxh5 Nxh5 35. Nxd5 Rxd5 36. Bxd5 Kxd5 37. Kf3 Be7 38. Kg4 Nf4 39. h4 Ng2 40.
hxg5 Ne3+ 41. Kh3 Nxf5 42. c4+ dxc3 43. bxc3 Ng7 44. Kg4 Ne6 45. Rb1 Bxg5 46.
Rxb7 Bd2 47. Ra7 Nc5 48. d4 Ne4 49. Rxa6 Bxc3 50. Ra8 Bxd4 51. a6 1/2-1/2

[Event "la-Grande 2014"]
[Site "Cappelle-la-Grande (FRA)"]
[Date "????.??.??"]
[Round "1.64"]
[White "Haub, Thorsten Michael"]
[Black "Lopez, Jasel"]
[Result "1/2-1/2"]
[WhiteElo "2449"]
[BlackElo "2202"]
[PlyCount "80"]
[EventDate "2014.03.01"]
[EventType "team-tourn"]
[EventCountry "FRA"]

1. Nf3 d5 2. g3 Nf6 3. d3 Nbd7 4. Nbd2 e5 5. e4 dxe4 6. dxe4 Bc5 7. Bg2 O-O 8.
O-O b6 9. Nc4 Ba6 10. Nfd2 Ne8 11. Re1 Nd6 12. Ne3 Bb7 13. Nd5 Bxd5 14. exd5 f5
15. Nb3 Qf6 16. Bd2 Rae8 17. Nxc5 Nxc5 18. f3 f4 19. gxf4 e4 20. b4 Na4 21.
fxe4 Nxe4 22. Be3 Nd6 23. Qd3 Nb2 24. Qd4 Nbc4 25. Qxf6 Rxf6 26. Bf2 Rxe1+ 27.
Rxe1 Rxf4 28. Bg3 Rd4 29. Bh3 Kf8 30. Be6 Rd2 31. Bh4 Rd4 32. Bd8 Nd2 33. Re2
N6e4 34. Bxc7 Nf3+ 35. Kg2 Nh4+ 36. Kf1 Ng6 37. c3 Nxc3 38. Bd6+ Ke8 39. Rc2
Rd3 40. b5 Ne7 1/2-1/2

[Event "la-Grande 2014"]
[Site "Cappelle-la-Grande (FRA)"]
[Date "????.??.??"]
[Round "1.65"]
[White "Kryvoruchko, Vita"]
[Black "Santiago, Yago De Moura"]
[Result "1-0"]
[WhiteElo "2201"]
[BlackElo "2446"]
[PlyCount "61"]
[EventDate "2014.03.01"]
[EventType "team-tourn"]
[EventCountry "FRA"]

1. e4 e6 2. d4 d5 3. Nd2 Nc6 4. Ngf3 Nf6 5. e5 Nd7 6. c3 Be7 7. Bd3 O-O 8. O-O
f6 9. exf6 Bxf6 10. b4 a6 11. Qb3 Kh8 12. Ba3 b5 13. Rae1 Nb6 14. Re2 Nc4 15.
Rfe1 Re8 16. Bb1 g6 17. Nxc4 dxc4 18. Qd1 Ne7 19. Ne5 Kg8 20. Bc1 Nd5 21. Qc2
Bg7 22. Nxg6 hxg6 23. Qxg6 Bd7 24. Bg5 Nf6 25. Re3 Rf8 26. Rg3 Rf7 27. Bh6 Qe7
28. Re5 Kf8 29. Reg5 Ne8 30. Bxg7+ Nxg7 31. Qh6 1-0

[Event "la-Grande 2014"]
[Site "Cappelle-la-Grande (FRA)"]
[Date "????.??.??"]
[Round "1.66"]
[White "Sharif, Mehrshad"]
[Black "Bodenez, Vincent"]
[Result "1-0"]
[WhiteElo "2444"]
[BlackElo "2201"]
[PlyCount "57"]
[EventDate "2014.03.01"]
[EventType "team-tourn"]
[EventCountry "FRA"]

1. d4 f5 2. g3 Nf6 3. Bg2 g6 4. b3 Bg7 5. Bb2 O-O 6. Nf3 d6 7. O-O c6 8. Nbd2
Qe8 9. Re1 d5 10. c4 h6 11. Ne5 g5 12. e3 Be6 13. Rc1 Nbd7 14. Nd3 Ne4 15. f3
Nxd2 16. Qxd2 Nf6 17. cxd5 cxd5 18. Rc7 Qd8 19. Rxb7 Nd7 20. Rc1 Nb6 21. Qa5
Nd7 22. Qxd8 Rfxd8 23. Ba3 Bf6 24. Rcc7 Rac8 25. Nc5 Rxc7 26. Rxc7 Kf7 27. Rxa7
f4 28. Nxe6 Kxe6 29. Bh3+ 1-0

[Event "la-Grande 2014"]
[Site "Cappelle-la-Grande (FRA)"]
[Date "????.??.??"]
[Round "1.67"]
[White "Roos, Adrian"]
[Black "Georgiadis, Nico"]
[Result "1/2-1/2"]
[WhiteElo "2198"]
[BlackElo "2441"]
[PlyCount "76"]
[EventDate "2014.03.01"]
[EventType "team-tourn"]
[EventCountry "FRA"]

1. d4 f5 2. c4 Nf6 3. Nc3 d6 4. Nf3 g6 5. g3 Bg7 6. Bg2 O-O 7. O-O Qe8 8. Re1
Qf7 9. e4 Nxe4 10. Nxe4 fxe4 11. Rxe4 Bf5 12. Rh4 Qxc4 13. Bh6 Bxh6 14. Rxh6
Nc6 15. Rh4 Qc2 16. Qxc2 Bxc2 17. d5 Ne5 18. Nxe5 dxe5 19. Rc4 Bd3 20. Rxc7
Rac8 21. Rac1 Bf5 22. Kf1 Rxc7 23. Rxc7 Rc8 24. Rxc8+ Bxc8 25. Ke2 Kf7 26. Kd3
Bf5+ 27. Kc4 Ke8 28. d6 exd6 29. Bxb7 g5 30. a4 Kd7 31. b4 Kc7 32. Bd5 Bd7 33.
b5 h6 34. a5 Bh3 35. Kb4 Bf1 36. Be4 Be2 37. Bd5 Bd3 38. Bf3 Bf1 1/2-1/2

[Event "la-Grande 2014"]
[Site "Cappelle-la-Grande (FRA)"]
[Date "????.??.??"]
[Round "1.68"]
[White "Sergeev, Vladimir"]
[Black "Varoquier, Romain"]
[Result "1-0"]
[WhiteElo "2439"]
[BlackElo "2197"]
[PlyCount "153"]
[EventDate "2014.03.01"]
[EventType "team-tourn"]
[EventCountry "FRA"]

1. Nf3 d5 2. g3 Nf6 3. Bg2 e6 4. O-O Be7 5. d3 b6 6. Nbd2 Bb7 7. e4 c5 8. Re1
Nc6 9. a3 O-O 10. e5 Nd7 11. Nf1 b5 12. h4 Qc7 13. Bf4 Rac8 14. Ne3 Nd4 15. Ng4
Nxf3+ 16. Qxf3 Ba8 17. Qe2 d4 18. Bxa8 Rxa8 19. a4 b4 20. Nf6+ Kh8 21. Nxd7
Qxd7 22. b3 Qd5 23. Qg4 Rae8 24. Re4 Bd8 25. Rae1 Rg8 26. Qe2 Bc7 27. Qf1 Bd8
28. Qh3 Re7 29. h5 Rb7 30. Kf1 Rb6 31. R1e2 Re8 32. g4 g5 33. Bd2 Rb7 34. Ke1
f6 35. Kd1 Rf7 36. exf6 Bxf6 37. Kc1 h6 38. Kb1 Bg7 39. f4 gxf4 40. Bxf4 e5 41.
g5 hxg5 42. Bxg5 Qe6 43. Qh2 Rf5 44. Bf4 Kh7 45. h6 Bh8 46. Ka2 Qf6 47. Bg3 Re6
48. Rg4 Qe7 49. Qh3 Qf7 50. Rh4 Rf3 51. Qh2 Rf1 52. Rf2 Rxf2 53. Bxf2 Qf3 54.
Bg3 Rg6 55. Rh3 Qf5 56. Qh1 e4 57. dxe4 Qe6 58. e5 Qd7 59. Bf4 c4 60. Rg3 Rxg3
61. Bxg3 Qf5 62. Qd1 Bxe5 63. Bxe5 Qxe5 64. bxc4 a5 65. Qd2 Qe3 66. Qd3+ Kxh6
67. c5 Kg5 68. Qc4 Qe5 69. c6 Qc7 70. Qd5+ Kf6 71. Kb3 Qg3+ 72. Kc4 Qc3+ 73.
Kb5 Qxc2 74. Qd8+ Kf7 75. Qd7+ Kg6 76. c7 Qe2+ 77. Kb6 1-0

[Event "la-Grande 2014"]
[Site "Cappelle-la-Grande (FRA)"]
[Date "????.??.??"]
[Round "1.69"]
[White "Traistaru, Teodora"]
[Black "Nestorovic, Nikola"]
[Result "0-1"]
[WhiteElo "2196"]
[BlackElo "2434"]
[PlyCount "144"]
[EventDate "2014.03.01"]
[EventType "team-tourn"]
[EventCountry "FRA"]

1. e4 e5 2. Nf3 Nc6 3. Bb5 a6 4. Ba4 Nge7 5. c3 g6 6. O-O Bg7 7. d4 exd4 8.
cxd4 b5 9. Bb3 O-O 10. Bg5 d6 11. Bd5 Bb7 12. Qc1 Qc8 13. Bxc6 Nxc6 14. Bh6 Nd8
15. Bxg7 Kxg7 16. d5 f5 17. Qc3+ Kg8 18. Nbd2 Qd7 19. Rad1 Qg7 20. Qb3 Bc8 21.
Rfe1 g5 22. Qc3 Qxc3 23. bxc3 h6 24. Nd4 fxe4 25. Nxe4 Bb7 26. Ne2 Nf7 27. f4
Kh8 28. Nf6 gxf4 29. Nxf4 Ne5 30. N4h5 Rf7 31. Rf1 Raf8 32. g4 Bc8 33. h3 a5
34. Rb1 Nd7 35. Nxd7 Bxd7 36. a3 Kg8 37. Rxf7 Rxf7 38. Rf1 Rxf1+ 39. Kxf1 Kf7
40. Kf2 Kg6 41. Kg3 Bc8 42. h4 Bb7 43. Kf2 Kf7 44. Nf4 Kf6 45. Ke3 Ke5 46. Ng6+
Kf6 47. Nf4 Bc8 48. Kf3 Bd7 49. Nd3 Be8 50. Kf4 Bf7 51. g5+ hxg5+ 52. hxg5+ Kg7
53. Kg4 Bxd5 54. Nf4 Bc4 55. Kf5 c5 56. Nh5+ Kf7 57. g6+ Ke7 58. Ke4 Ba2 59.
Ke3 a4 60. Kd2 Bb1 61. Nf4 Ba2 62. Nh5 Be6 63. Ng3 Kf6 64. Ne4+ Ke5 65. Ng5 Bd5
66. Nf7+ Ke6 67. Nh6 Kf6 68. g7 Kxg7 69. Nf5+ Kf6 70. Nxd6 Bc6 71. Kd3 Ke6 72.
Nc8 Bd7 0-1

[Event "la-Grande 2014"]
[Site "Cappelle-la-Grande (FRA)"]
[Date "????.??.??"]
[Round "1.70"]
[White "Stella, Andrea"]
[Black "Van Hoolandt, Patrick"]
[Result "1-0"]
[WhiteElo "2434"]
[BlackElo "2194"]
[PlyCount "49"]
[EventDate "2014.03.01"]
[EventType "team-tourn"]
[EventCountry "FRA"]

1. Nf3 d5 2. c4 e6 3. g3 Nf6 4. Bg2 dxc4 5. Qa4+ c6 6. Qxc4 b5 7. Qc2 Bb7 8. d4
Qb6 9. O-O Nbd7 10. Ne5 c5 11. Nxd7 Nxd7 12. Bxb7 Qxb7 13. Be3 cxd4 14. Bxd4 h5
15. Rc1 h4 16. Qc6 Qxc6 17. Rxc6 hxg3 18. hxg3 Rh5 19. Nc3 Ne5 20. Ra6 Nc4 21.
a4 b4 22. Nb5 Rc8 23. Rc1 Nb6 24. Rxc8+ Nxc8 25. Nxa7 1-0

[Event "la-Grande 2014"]
[Site "Cappelle-la-Grande (FRA)"]
[Date "????.??.??"]
[Round "1.71"]
[White "Vrublevskaya, Olga"]
[Black "Monroy, Charles"]
[Result "1/2-1/2"]
[WhiteElo "2186"]
[BlackElo "2431"]
[PlyCount "73"]
[EventDate "2014.03.01"]
[EventType "team-tourn"]
[EventCountry "FRA"]

1. d4 Nf6 2. c4 g6 3. Nc3 Bg7 4. Nf3 O-O 5. g3 d6 6. Bg2 Nc6 7. O-O a6 8. Bf4
Rb8 9. Rc1 Re8 10. Qd3 Bg4 11. d5 Na7 12. h3 Bd7 13. e4 e5 14. Be3 b6 15. b4 c5
16. dxc6 Bxc6 17. Rfd1 Qd7 18. Qxd6 Qb7 19. b5 axb5 20. cxb5 Nxb5 21. Nxb5 Bxb5
22. Rc7 Qa8 23. Rb1 Rbd8 24. Qxb6 Bd3 25. Qb3 Rf8 26. Nxe5 Bxb1 27. Qxb1 Qa4
28. Kh2 Nxe4 29. Nxg6 hxg6 30. Bxe4 Rb8 31. Qc2 Qxc2 32. Bxc2 Rfc8 33. Rxc8+
Rxc8 34. Bb3 Rd8 35. Kg2 Bd4 36. Kf3 Kf8 37. Bxd4 1/2-1/2

[Event "la-Grande 2014"]
[Site "Cappelle-la-Grande (FRA)"]
[Date "????.??.??"]
[Round "1.72"]
[White "Velten, Paul"]
[Black "Cieza, Arcadio"]
[Result "1-0"]
[WhiteElo "2429"]
[BlackElo "2185"]
[PlyCount "119"]
[EventDate "2014.03.01"]
[EventType "team-tourn"]
[EventCountry "FRA"]

1. d4 d5 2. Nf3 Nf6 3. g3 Bf5 4. Bg2 e6 5. O-O Be7 6. c4 c6 7. Nc3 O-O 8. cxd5
exd5 9. Nh4 Bg4 10. f3 Be6 11. Qd3 Qc8 12. Bd2 Ne8 13. e4 Bxh4 14. gxh4 Nc7 15.
Ne2 Bh3 16. Rf2 Bxg2 17. Rxg2 Kh8 18. Kh1 Ne6 19. Rag1 Rg8 20. Ng3 Na6 21. e5
Qd7 22. b4 g6 23. a3 Nac7 24. h5 Qe7 25. h6 f5 26. Ne2 Rgf8 27. a4 Rf7 28. b5
c5 29. dxc5 Nxc5 30. Qa3 N7e6 31. Rd1 Qh4 32. Bb4 b6 33. Rxd5 Qxh6 34. a5 Rd7
35. Rxd7 Nxd7 36. axb6 Nxb6 37. Be7 Qd2 38. Ng3 Qe1+ 39. Rg1 Qxe5 40. Bb4 Nd5
41. Re1 Qd4 42. Bd6 Ng7 43. Be5 Qb4 44. Qa1 Qe7 45. Rc1 Re8 46. f4 Kg8 47. Qa2
Qf7 48. Rc6 Rd8 49. Bc7 Rd7 50. Bb8 Ne6 51. Rc8+ Kg7 52. Be5+ Kh6 53. Qf2 Ne7
54. Ne4 Rd1+ 55. Kg2 g5 56. Nxg5 Qh5 57. Rc3 Nxg5 58. fxg5+ Qxg5+ 59. Rg3 Rd2
60. Bg7+ 1-0

[Event "la-Grande 2014"]
[Site "Cappelle-la-Grande (FRA)"]
[Date "????.??.??"]
[Round "1.73"]
[White "Peric, Slavisa"]
[Black "Abergel, Thal"]
[Result "1/2-1/2"]
[WhiteElo "2183"]
[BlackElo "2426"]
[PlyCount "108"]
[EventDate "2014.03.01"]
[EventType "team-tourn"]
[EventCountry "FRA"]

1. d4 Nf6 2. Nf3 d5 3. c4 c6 4. Qb3 a6 5. a4 e6 6. Bg5 h6 7. Bh4 Qa5+ 8. Nc3
Ne4 9. e3 Bb4 10. Rc1 Nd7 11. cxd5 exd5 12. Bd3 Ndf6 13. Bxf6 Nxf6 14. O-O O-O
15. Ne5 Rd8 16. f4 c5 17. Bb1 c4 18. Qd1 Bd7 19. Bc2 Bd6 20. Qf3 Bc6 21. g4 Nd7
22. g5 Bxe5 23. fxe5 Rf8 24. gxh6 g6 25. Qg4 Kh8 26. e6 fxe6 27. Qxe6 Qd8 28.
Rxf8+ Qxf8 29. Qxg6 Qe7 30. Qg7+ Qxg7+ 31. hxg7+ Kxg7 32. a5 Nf6 33. Bf5 b6 34.
axb6 Rb8 35. Rf1 Rxb6 36. Rf2 a5 37. h4 a4 38. Rg2+ Kf8 39. Kh2 Rb3 40. Rc2 a3
41. bxa3 Rxa3 42. Kg3 Ke7 43. Kf4 Kd6 44. Kg5 Ke7 45. Rc1 Be8 46. e4 dxe4 47.
Nxe4 Nxe4+ 48. Bxe4 Rg3+ 49. Kf4 Rh3 50. Ke5 Rxh4 51. d5 Rh5+ 52. Kd4 Rh4 53.
Rxc4 Bg6 54. Ke5 Rxe4+ 1/2-1/2

[Event "la-Grande 2014"]
[Site "Cappelle-la-Grande (FRA)"]
[Date "????.??.??"]
[Round "1.74"]
[White "Carmaciu, Lucian-Catalin"]
[Black "Lacrosse, Marc"]
[Result "1-0"]
[WhiteElo "2423"]
[BlackElo "2183"]
[PlyCount "43"]
[EventDate "2014.03.01"]
[EventType "team-tourn"]
[EventCountry "FRA"]

1. e4 e5 2. Nf3 Nc6 3. Bc4 Bc5 4. c3 Nf6 5. d3 a6 6. Bb3 Ba7 7. Nbd2 O-O 8. h3
d5 9. Qe2 Re8 10. Nf1 h6 11. g4 dxe4 12. dxe4 Be6 13. Ng3 Qd7 14. g5 hxg5 15.
Bxg5 Bxb3 16. Bxf6 Qe6 17. Nh5 gxf6 18. axb3 Kf8 19. Nh4 Ne7 20. Qd2 Ng6 21.
Nf5 Nf4 22. O-O-O 1-0

[Event "la-Grande 2014"]
[Site "Cappelle-la-Grande (FRA)"]
[Date "????.??.??"]
[Round "1.75"]
[White "Salazar, Aura Cristina"]
[Black "Lazarev, Vladimir"]
[Result "0-1"]
[WhiteElo "2182"]
[BlackElo "2422"]
[PlyCount "100"]
[EventDate "2014.03.01"]
[EventType "team-tourn"]
[EventCountry "FRA"]

1. e4 c5 2. Nf3 Nc6 3. d4 cxd4 4. Nxd4 Qc7 5. Nc3 e6 6. Be3 a6 7. Qd2 Nf6 8.
O-O-O Bb4 9. f3 O-O 10. Kb1 d5 11. Nxc6 bxc6 12. Bg5 Rb8 13. Bxf6 gxf6 14. Qe3
Rd8 15. Ne2 a5 16. Ng3 Qe7 17. b3 Kh8 18. Bd3 Kg8 19. Rhe1 Qc5 20. f4 Qc3 21.
Ne2 Qc5 22. Qxc5 Bxc5 23. g3 a4 24. Rf1 Bd7 25. Nc3 axb3 26. cxb3 Bd4 27. Ne2
Be3 28. Bc2 Rdc8 29. Nc3 Kg7 30. Rd3 Ba7 31. f5 d4 32. Ne2 e5 33. Rd2 c5 34.
Ka1 c4 35. bxc4 Rxc4 36. Bb3 Rc7 37. g4 Bb5 38. Rc1 Rbc8 39. Rxc7 Rxc7 40. Kb1
d3 41. Ng3 Be3 42. Rd1 d2 43. Bc2 Rb7 44. Bb3 Bd3+ 45. Kb2 Bd4+ 46. Ka3 Bc3 47.
Bd5 Bb2+ 48. Ka4 Bc2+ 49. Bb3 Bxd1 50. Bxd1 Bd4 0-1

[Event "la-Grande 2014"]
[Site "Cappelle-la-Grande (FRA)"]
[Date "????.??.??"]
[Round "1.76"]
[White "Roser, Kevin"]
[Black "Navrotescu, Andreea"]
[Result "1/2-1/2"]
[WhiteElo "2422"]
[BlackElo "2181"]
[PlyCount "85"]
[EventDate "2014.03.01"]
[EventType "team-tourn"]
[EventCountry "FRA"]

1. e4 c5 2. Nf3 d6 3. d4 cxd4 4. Nxd4 Nf6 5. Nc3 g6 6. Be3 Bg7 7. f3 Nc6 8. Qd2
O-O 9. g4 Be6 10. Nxe6 fxe6 11. O-O-O Qa5 12. Kb1 Ne5 13. Be2 Rac8 14. Nb5 Qxd2
15. Bxd2 Nc6 16. Bc4 d5 17. Bb3 a6 18. g5 axb5 19. gxf6 exf6 20. exd5 exd5 21.
Bf4 Rcd8 22. Rxd5 Rxd5 23. Bxd5+ Kh8 24. c3 Re8 25. Bg3 f5 26. Re1 Rxe1+ 27.
Bxe1 Be5 28. h3 Kg7 29. Kc2 Kf6 30. Kd3 g5 31. b3 h5 32. c4 bxc4+ 33. Kxc4 Ke7
34. b4 Kd7 35. b5 Nd8 36. Bf2 Kc7 37. Be3 g4 38. fxg4 hxg4 39. hxg4 fxg4 40. a4
b6 41. Kd3 Nb7 42. Ke4 Bd6 43. Be6 1/2-1/2